[Event "73rd Noteboom Mem"]
[Site "Leiden NED"]
[Date "2013.02.10"]
[Round "5.1"]
[White "Smeets, J."]
[Black "Fedorchuk, S."]
[Result "0-1"]
[WhiteElo "2631"]
[BlackElo "2643"]
[PlyCount "96"]
[EventDate "2013.02.08"]
[SourceDate "1999.07.01"]

1. e4 c5 2. Nf3 Nc6 3. d4 cxd4 4. Nxd4 Qb6 5. Nb3 Nf6 6. Nc3 e6 7. Qe2 d6 8. g4
a6 9. Be3 Qc7 10. g5 Nd7 11. f4 b5 12. Qf2 Rb8 13. O-O-O Nb6 14. Kb1 Bd7 15. h4
b4 16. Ne2 a5 17. Ned4 a4 18. Nb5 Qb7 19. Nc1 Nc8 20. Nd4 N8a7 21. h5 Rc8 22.
Bd3 b3 23. cxb3 Nb4 24. Qf3 axb3 25. Ncxb3 Nac6 26. Be2 e5 27. Nxc6 Bxc6 28.
Nd2 d5 29. fxe5 dxe4 30. Qf5 Bd5 31. Bc4 Rxc4 32. Nxc4 Bxc4 33. Rc1 Bxa2+ 34.
Ka1 Be6 35. Qxe6+ fxe6 36. Kb1 Qa6 37. Rc3 Qa2+ 38. Kc1 Qa1+ 39. Kd2 Qxb2+ 40.
Kd1 Qxc3 41. Bd2 Qc2+ 42. Ke2 Qd3+ 43. Ke1 Nc2+ 44. Kd1 e3 45. Kc1 Qxd2+ 46.
Kb2 Nd4+ 47. Kb1 Qc2+ 48. Ka1 Nb3# 0-1

[Event "35th Georgi Tringov Open"]
[Site "Plovdiv BUL"]
[Date "2013.02.06"]
[Round "5.4"]
[White "Petrov, Marij"]
[Black "Heberla, B."]
[Result "0-1"]
[WhiteElo "2518"]
[BlackElo "2545"]
[PlyCount "118"]
[EventDate "2013.02.03"]
[SourceDate "1999.07.01"]

1. e4 c5 2. Nf3 Nc6 3. d4 cxd4 4. Nxd4 Nf6 5. Nc3 d6 6. f4 e5 7. Nf3 Be7 8. f5
Qb6 9. Bc4 O-O 10. a3 Bd7 11. Qd3 Nd4 12. Nd5 Nxd5 13. Bxd5 Bxf5 14. exf5 Qa5+
15. Kf2 Qxd5 16. Be3 Bf6 17. c4 Qc6 18. Nxd4 exd4 19. Bxd4 d5 20. c5 Rae8 21.
Rhd1 Be5 22. Kg1 Bxd4+ 23. Qxd4 Re4 24. Qf2 Rfe8 25. Rd2 a5 26. Rad1 R8e5 27.
b3 h5 28. h3 h4 29. Kh1 Qd7 30. Rf1 Qb5 31. Rb1 f6 32. Kh2 Qd7 33. Rf1 Qc7 34.
Kh1 Qf7 35. Rfd1 Qd7 36. Rf1 Qb5 37. Rb1 Qe8 38. Kh2 Qh5 39. Rf1 Qg5 40. Kh1
Re3 41. b4 Rxa3 42. bxa5 Rxa5 43. Rb2 d4 44. Qxd4 Raxc5 45. Rxb7 Rxf5 46. Qd8+
Kh7 47. Qd3 Rcd5 48. Qe4 Kh6 49. Rbb1 Rfe5 50. Qf3 Re3 51. Qf4 Rdd3 52. Qxg5+
Kxg5 53. Rb5+ f5 54. Rf2 Re1+ 55. Kh2 Rdd1 56. g4 Rh1+ 57. Kg2 Rdg1+ 58. Kf3
Rxh3+ 59. Ke2 Rxg4 0-1

[Event "TCh-CAT Div Hon 2013"]
[Site "Catalonia ESP"]
[Date "2013.01.26"]
[Round "2.1"]
[White "Spraggett, K."]
[Black "Cuartas, Ja"]
[Result "1-0"]
[WhiteElo "2577"]
[BlackElo "2504"]
[PlyCount "73"]
[EventDate "2013.01.19"]
[EventType "team"]
[SourceDate "1999.07.01"]
[WhiteTeam "Escola Escacs De BCN"]
[BlackTeam "Montcada"]

1. e4 c5 2. Nf3 Nc6 3. d4 cxd4 4. Nxd4 Qb6 5. Nb3 Nf6 6. Nc3 e6 7. a3 a6 8. Bf4
Ne7 9. Bd3 Ng6 10. Bg3 Bd6 11. Qd2 Qc7 12. Bxd6 Qxd6 13. g3 e5 14. O-O-O Qc7
15. h4 h6 16. Kb1 b5 17. f4 Bb7 18. Rhe1 O-O-O 19. f5 Ne7 20. Qe2 Kb8 21. a4 b4
22. Na2 a5 23. c3 d5 24. cxb4 dxe4 25. Ba6 Nxf5 26. Rc1 Bxa6 27. Qxa6 Rd6 28.
Qb5+ Qb7 29. Qxa5 Nd7 30. b5 Nd4 31. Nxd4 exd4 32. Nb4 Qb6 33. Na6+ Ka8 34. Qb4
Ne5 35. a5 Qd8 36. b6 Nc6 37. Rxc6 1-0

[Event "TCh-CAT Div Hon 2013"]
[Site "Catalonia ESP"]
[Date "2013.02.02"]
[Round "3.3"]
[White "Magem Badals, J."]
[Black "Cruz, Cr"]
[Result "0-1"]
[WhiteElo "2547"]
[BlackElo "2505"]
[PlyCount "62"]
[EventDate "2013.01.19"]
[EventType "team"]
[SourceDate "1999.07.01"]
[WhiteTeam "Colon Sabadell"]
[BlackTeam "Escola Escacs De BCN"]

1. e4 c5 2. Nf3 Nc6 3. Bb5 d6 4. d4 cxd4 5. Qxd4 Bd7 6. Bxc6 Bxc6 7. Nc3 Nf6 8.
Bg5 e6 9. Qd3 Be7 10. Nd4 O-O 11. O-O-O Qa5 12. f4 Rac8 13. h4 Rfd8 14. f5 Bd7
15. fxe6 fxe6 16. Rhf1 Qa6 17. Qh3 Rxc3 18. bxc3 Nxe4 19. Bxe7 e5 20. Qf3 Qa3+
21. Kb1 Nxc3+ 22. Qxc3 Qxc3 23. Bxd8 exd4 24. Rf3 Qc5 25. Rd2 h6 26. Rfd3 Be6
27. a3 Qc4 28. Rf2 Qa2+ 29. Kc1 Qa1+ 30. Kd2 Bg4 31. Rdf3 Qg1 0-1

[Event "TCh-CAT Div Hon 2013"]
[Site "Catalonia ESP"]
[Date "2013.02.02"]
[Round "3.2"]
[White "Rizouk, A."]
[Black "Cuartas, Ja"]
[Result "1/2-1/2"]
[WhiteElo "2531"]
[BlackElo "2504"]
[PlyCount "61"]
[EventDate "2013.01.19"]
[EventType "team"]
[SourceDate "1999.07.01"]
[WhiteTeam "Barbera"]
[BlackTeam "Montcada"]

1. e4 c5 2. Nf3 Nc6 3. Bb5 g6 4. Bxc6 dxc6 5. d3 Bg7 6. h3 e5 7. Be3 b6 8. Qd2
h6 9. Nc3 Ne7 10. Nh2 g5 11. f3 Ng6 12. Ng4 Nf4 13. O-O-O h5 14. Nh2 Be6 15.
Kb1 Qe7 16. Qf2 O-O-O 17. Nf1 Rd7 18. Bc1 Qd8 19. Ne3 h4 20. Rhe1 Bf8 21. b3 f6
22. Bb2 b5 23. Ng4 Be7 24. Ne2 Ng6 25. Ne3 Qa5 26. Nf5 Bf8 27. Bc1 Rhh7 28. Be3
Qa3 29. Bc1 Qa5 30. Be3 Qa3 31. Bc1 1/2-1/2

[Event "13th ch-CRO 2013"]
[Site "Plitvicka Jezera CRO"]
[Date "2013.01.22"]
[Round "2.4"]
[White "Zelcic, R."]
[Black "Kozul, Z."]
[Result "1-0"]
[WhiteElo "2543"]
[BlackElo "2637"]
[PlyCount "69"]
[EventDate "2013.01.21"]
[SourceDate "1999.07.01"]

1. e4 c5 2. Nf3 Nc6 3. d4 cxd4 4. Nxd4 Nf6 5. Nc3 d6 6. Bg5 e6 7. Qd3 Qa5 8. f4
a6 9. O-O-O Nb4 10. Qc4 Bd7 11. a3 Nc6 12. Nb3 Qb6 13. Qe2 h5 14. Kb1 Qc7 15.
g3 Rc8 16. Bg2 Nh7 17. Bh4 g5 18. fxg5 Ne5 19. Bf3 Bg7 20. Bxh5 Nf8 21. g4 Nfg6
22. Be1 Nc4 23. Bxg6 fxg6 24. e5 Bxe5 25. Qd3 Ke7 26. Bg3 Nxb2 27. Qxg6 Nxd1
28. Nd5+ exd5 29. Bxe5 Nc3+ 30. Ka1 dxe5 31. Qf6+ Ke8 32. Qxh8+ Ke7 33. Qf6+
Ke8 34. Rf1 Bb5 35. Qe6+ 1-0

[Event "13th ch-CRO 2013"]
[Site "Plitvicka Jezera CRO"]
[Date "2013.01.24"]
[Round "4.3"]
[White "Zelcic, R."]
[Black "Jankovic, A."]
[Result "0-1"]
[WhiteElo "2543"]
[BlackElo "2538"]
[PlyCount "88"]
[EventDate "2013.01.21"]
[SourceDate "1999.07.01"]

1. e4 c5 2. Nf3 Nc6 3. Bb5 e6 4. O-O Nge7 5. Re1 Nd4 6. Nxd4 cxd4 7. c3 a6 8.
Bf1 Nc6 9. d3 Bc5 10. Nd2 d6 11. Nb3 e5 12. cxd4 Nxd4 13. Be3 Nxb3 14. Qxb3 Be6
15. Qc3 Rc8 16. Bxc5 Rxc5 17. Qd2 Qc7 18. d4 exd4 19. Qxd4 f6 20. b4 Rc3 21. b5
axb5 22. Bxb5+ Ke7 23. Bf1 Qc5 24. Qa4 Ra3 25. Qd1 Rxa2 26. Rxa2 Bxa2 27. Qa4
Be6 28. Rb1 Rb8 29. h3 Bd7 30. Qb3 Be6 31. Qg3 Qg5 32. Qc3 Qc5 33. Qg3 Kf8 34.
Rb5 Qc6 35. Rh5 h6 36. Bb5 Qc7 37. Kh2 Ra8 38. Be2 Ra2 39. Bf3 Qb6 40. Kg1 Ra1+
41. Kh2 Rf1 42. Be2 Rxf2 43. Rb5 Qd4 44. Bh5 Rf1 0-1

[Event "13th ch-CRO 2013"]
[Site "Plitvicka Jezera CRO"]
[Date "2013.01.27"]
[Round "7.4"]
[White "Palac, M."]
[Black "Saric, Iv"]
[Result "0-1"]
[WhiteElo "2579"]
[BlackElo "2614"]
[PlyCount "130"]
[EventDate "2013.01.21"]
[SourceDate "1999.07.01"]

1. e4 c5 2. Nf3 Nc6 3. Bb5 g6 4. Bxc6 dxc6 5. d3 Bg7 6. h3 b6 7. O-O Nh6 8. a4
a5 9. Na3 O-O 10. Re1 f6 11. c3 Nf7 12. d4 cxd4 13. Nxd4 e5 14. Nf3 Qxd1 15.
Rxd1 Be6 16. Be3 Rfb8 17. Nd2 Nd6 18. f3 Bf8 19. Rdb1 b5 20. axb5 cxb5 21. Nc2
Nc4 22. Nxc4 Bxc4 23. Rd1 Bb3 24. Rd2 Be7 25. Rd7 Kf8 26. Ne1 Ke8 27. Rc7 Kd8
28. Ra7 Rxa7 29. Bxa7 Rb7 30. Be3 a4 31. Nd3 Rd7 32. Nc5 Bxc5 33. Bxc5 Rd2 34.
Ba3 Bc4 35. Re1 Kd7 36. h4 Ke6 37. Kh2 f5 38. Kg1 f4 39. Kh2 Kf6 40. Rb1 Bd3
41. Re1 Be2 42. Kh3 h6 43. Rg1 Bc4 44. Rh1 g5 45. hxg5+ hxg5 46. Re1 Kg6 47.
Rh1 Bd3 48. Re1 Be2 49. Rh1 Bc4 50. Re1 Kh5 51. Rh1 Be2 52. Rg1 g4+ 53. fxg4+
Bxg4+ 54. Kh2 Bf3 55. Bd6 Bxg2 56. Rxg2 Rxd6 57. Rg8 Rd2+ 58. Kh3 Rd3+ 59. Kg2
Rg3+ 60. Rxg3 fxg3 61. Kxg3 Kg5 62. Kf3 Kh4 63. Ke3 Kg3 64. Kd3 Kf3 65. c4
bxc4+ 0-1

[Event "XXIII Krakow Open"]
[Site "Krakow POL"]
[Date "2012.12.31"]
[Round "6.1"]
[White "Mastrovasilis, D."]
[Black "Baryshpolets, A."]
[Result "1-0"]
[WhiteElo "2616"]
[BlackElo "2502"]
[PlyCount "95"]
[EventDate "2012.12.27"]
[SourceDate "1999.07.01"]

1. e4 c5 2. Nf3 Nc6 3. d4 cxd4 4. Nxd4 Nf6 5. Nc3 d6 6. Bg5 e6 7. Qd2 a6 8.
O-O-O Nxd4 9. Qxd4 Be7 10. Bxf6 gxf6 11. Be2 Qc7 12. f4 b5 13. Rhf1 Qc5 14.
Qxc5 dxc5 15. a4 bxa4 16. Nxa4 Bb7 17. Bf3 Rd8 18. Rxd8+ Kxd8 19. e5 Bxf3 20.
Rxf3 Rg8 21. g3 fxe5 22. fxe5 Rg5 23. Rxf7 h5 24. Nb6 Rxe5 25. Rh7 Rf5 26. Kd1
Bf6 27. Nc4 Bd4 28. c3 Bg1 29. h3 Rg5 30. Ke2 Rxg3 31. Rxh5 Kc7 32. h4 Rg4 33.
Rh7+ Kd8 34. Nd6 Bh2 35. Nb7+ Kc8 36. Nxc5 Rg2+ 37. Kd3 Rxb2 38. h5 Be5 39. c4
a5 40. h6 Rh2 41. Ke4 Bb2 42. Nb7 Bc1 43. Nd6+ Kb8 44. c5 Rxh6 45. Rb7+ Ka8 46.
c6 Rh4+ 47. Kf3 Rh8 48. Nc4 1-0

[Event "Pan-Am Intercollegiate 2012"]
[Site "Princeton USA"]
[Date "2012.12.29"]
[Round "4"]
[White "Boros, De"]
[Black "Chirila, I."]
[Result "1-0"]
[WhiteElo "2506"]
[BlackElo "2525"]
[PlyCount "59"]
[EventDate "2012.12.27"]
[SourceDate "1999.07.01"]
[WhiteTeam "Webster"]
[BlackTeam "UT Dallas A"]

1. e4 c5 2. Nf3 Nc6 3. d4 cxd4 4. Nxd4 Qb6 5. Nb3 Nf6 6. Nc3 e6 7. Bd3 d6 8.
Be3 Qc7 9. f4 a6 10. Qf3 Be7 11. O-O-O O-O 12. Kb1 b5 13. Qh3 Nb4 14. g4 Nd7
15. Rhg1 Bb7 16. g5 Nxd3 17. cxd3 b4 18. Ne2 Rfc8 19. Nbd4 e5 20. Nf5 Bf8 21.
Rc1 Qd8 22. Rg4 g6 23. Rh4 Rxc1+ 24. Bxc1 gxf5 25. Rxh7 Bg7 26. Ng3 exf4 27.
Nxf5 Be5 28. Bxf4 Nf8 29. Bxe5 Nxh7 30. Qh6 1-0

[Event "Amplico ch-EUR Rapid"]
[Site "Warsaw POL"]
[Date "2012.12.15"]
[Round "5.8"]
[White "Tomczak, J."]
[Black "Krasenkow, M."]
[Result "0-1"]
[WhiteElo "2558"]
[BlackElo "2628"]
[PlyCount "96"]
[EventDate "2012.12.15"]
[SourceDate "1999.07.01"]

1. e4 c5 2. Nf3 Nc6 3. d4 cxd4 4. Nxd4 Nf6 5. Nc3 e5 6. Ndb5 d6 7. Na3 Bg4 8.
f3 Be6 9. Bc4 Qb6 10. Nd5 Bxd5 11. exd5 Nd4 12. c3 Nf5 13. Bb5+ Ke7 14. Qd3 g6
15. g4 Nh4 16. Bg5 Ng2+ 17. Kf1 Nf4 18. Bxf4 exf4 19. Re1+ Kd8 20. g5 Nd7 21.
Bxd7 Kxd7 22. Nc4 Qa6 23. Qd4 Bg7 24. Qxf4 Rhf8 25. Qg4+ Kd8 26. Qe4 Kc8 27.
Kg2 b5 28. Na3 Rb8 29. Nc2 Qxa2 30. Qg4+ Kd8 31. Nb4 Qxb2+ 32. Kh3 Qxc3 33.
Nc6+ Kc7 34. Rc1 Qa3 35. Nxb8+ Kxb8 36. Rc6 h5 37. gxh6 Bxh6 38. Qg3 Rd8 39.
Re1 Bg7 40. Kg2 Be5 41. Rxe5 Qb2+ 42. Qf2 Qxf2+ 43. Kxf2 dxe5 44. Rc5 a6 45.
Ke3 f5 46. h4 Rc8 47. Rxc8+ Kxc8 48. f4 e4 0-1

[Event "Amplico ch-EUR Rapid"]
[Site "Warsaw POL"]
[Date "2012.12.15"]
[Round "7.2"]
[White "Naiditsch, A."]
[Black "Krasenkow, M."]
[Result "1-0"]
[WhiteElo "2708"]
[BlackElo "2628"]
[PlyCount "57"]
[EventDate "2012.12.15"]
[SourceDate "1999.07.01"]

1. e4 c5 2. Nf3 Nc6 3. Bb5 e6 4. Bxc6 bxc6 5. b3 Ne7 6. Ba3 Ng6 7. d4 Qb6 8.
O-O d5 9. Re1 cxd4 10. Bxf8 Kxf8 11. Nxd4 c5 12. Nf3 dxe4 13. Ng5 Bb7 14. Qd7
Ne5 15. Qd2 Rd8 16. Qf4 f6 17. Nxe4 Rd4 18. Nbc3 Ng6 19. Qe3 Qc6 20. f3 f5 21.
Nf2 Kf7 22. Ne2 Rd6 23. Nd3 e5 24. Ng3 f4 25. Nxe5+ Nxe5 26. Qxf4+ Rf6 27. Qxe5
Rc8 28. Rad1 Kg8 29. Nf5 1-0

[Event "Russia Cup Final 2012"]
[Site "Khanty-Mansiisk RUS"]
[Date "2012.12.04"]
[Round "1.1"]
[White "Kokarev, Dm"]
[Black "Kovalenko, I."]
[Result "1-0"]
[WhiteElo "2623"]
[BlackElo "2595"]
[PlyCount "215"]
[EventDate "2012.12.04"]
[SourceDate "1999.07.01"]

1. e4 c5 2. Nf3 Nc6 3. d4 cxd4 4. Nxd4 g6 5. Nc3 Bg7 6. Be3 Nf6 7. Bc4 O-O 8.
Bb3 d6 9. f3 Bd7 10. Qd2 Nxd4 11. Bxd4 b5 12. a4 b4 13. Nd5 Nxd5 14. Bxg7 Kxg7
15. exd5 Qb6 16. h4 h6 17. O-O-O Qa5 18. h5 g5 19. Qd4+ Kg8 20. f4 g4 21. f5
Bxf5 22. Qf4 Bh7 23. Qxh6 Kh8 24. Rhe1 Qc7 25. Rd4 Rac8 26. Rxb4 Qd7 27. Qf4 f6
28. Qxg4 Bf5 29. Qf4 Bh7 30. Qh6 Rf7 31. Re6 Rg7 32. g4 Kg8 33. Qe3 Kf8 34. Qf4
a5 35. Rc4 Rxc4 36. Qxc4 Rg5 37. Qd4 Bg8 38. Re4 Qb7 39. h6 Bh7 40. Rf4 Rg6 41.
Kb1 Rxh6 42. Ka2 Kg8 43. Qc3 Rh2 44. Rc4 Qb6 45. Rc8+ Kg7 46. g5 Rf2 47. Rc6
Qd8 48. gxf6+ Rxf6 49. Ra6 Kf7 50. Qxa5 Qg8 51. Qe1 Qg2 52. Ra7 Be4 53. Qe3 Rf1
54. Qh6 Rf6 55. Qh5+ Bg6 56. Qd1 Rf1 57. Qd4 Bxc2 58. Bxc2 Qxc2 59. Qe3 Kg6 60.
Qe6+ Rf6 61. Qg4+ Kf7 62. Ra8 Rg6 63. Qf3+ Rf6 64. Qh5+ Rg6 65. Qh7+ Kf6 66.
Rf8+ Ke5 67. Qxe7+ Kxd5 68. Qb7+ Ke5 69. Qb5+ d5 70. Re8+ Kd4 71. Rh8 Qc4+ 72.
Qb3 Ke5 73. Rh3 Rg4 74. a5 Rg8 75. Ka3 Qxb3+ 76. Kxb3 d4 77. Ka4 Rd8 78. Rd3
Ke4 79. Rd1 d3 80. a6 d2 81. b4 Kd3 82. b5 Kc4 83. b6 Kc5 84. b7 Kc6 85. Rxd2
Rxd2 86. b8=Q Ra2+ 87. Kb3 Rxa6 88. Qc8+ Kb5 89. Qc4+ Kb6 90. Kb4 Kb7 91. Qf7+
Kc8 92. Kb5 Rd6 93. Qe7 Rd1 94. Qe6+ Kd8 95. Qf6+ Ke8 96. Qe5+ Kd7 97. Qf5+ Kd6
98. Qf4+ Ke7 99. Kc6 Rd8 100. Qg5+ Ke8 101. Qg8+ Ke7 102. Qh7+ Ke6 103. Qg6+
Ke7 104. Qg5+ Ke8 105. Qg7 Rd1 106. Qe5+ Kf8 107. Qf4+ Ke7 108. Qe4+ 1-0

[Event "9th Vasylyshyn Mem GM"]
[Site "Lviv UKR"]
[Date "2012.11.20"]
[Round "1"]
[White "Vovk, Y."]
[Black "Vysochin, S."]
[Result "0-1"]
[WhiteElo "2592"]
[BlackElo "2515"]
[PlyCount "140"]
[EventDate "2012.11.20"]
[EventType "tourn"]
[SourceDate "1999.07.01"]

1. e4 c5 2. Nf3 Nc6 3. Bb5 g6 4. Bxc6 dxc6 5. d3 Bg7 6. h3 e5 7. Be3 b6 8. Nbd2
f6 9. a3 Be6 10. b4 cxb4 11. axb4 Ne7 12. Ra6 O-O 13. Qa1 Qb8 14. O-O Qb7 15.
Qa3 Nc8 16. Ra1 Rd8 17. Nc4 Rb8 18. Qc3 Qf7 19. Ncd2 Bd7 20. d4 exd4 21. Bxd4
Nd6 22. Qe3 Nb5 23. Bb2 Be6 24. e5 Re8 25. exf6 Bxf6 26. Bxf6 Qxf6 27. Ne4 Qg7
28. Qf4 Rf8 29. Qe5 Qxe5 30. Nxe5 Rbe8 31. c4 Bxc4 32. Nxc4 Rxe4 33. Na3 Rxb4
34. Nxb5 Rxb5 35. Rxa7 Rf7 36. Ra8+ Kg7 37. Rc8 c5 38. f3 Rb2 39. Re1 Rd7 40.
f4 h5 41. Ree8 h4 42. Rg8+ Kf7 43. Rcf8+ Ke7 44. Re8+ Kf6 45. Rgf8+ Rf7 46. Rh8
c4 47. Rc8 b5 48. Rxh4 Rc2 49. Rc6+ Ke7 50. Rxg6 b4 51. Rb6 b3 52. Rh5 b2 53.
Rhb5 c3 54. Rb7+ Kf8 55. Rb8+ Kg7 56. Rg5+ Kf6 57. Rb6+ Ke7 58. Rb7+ Kd6 59.
Rb6+ Kc7 60. Rgb5 Rd7 61. Kh2 Rcd2 62. Rb7+ Kd8 63. Rb8+ Ke7 64. Re5+ Kf6 65.
Rf8+ Rf7 66. Rb8 c2 67. Rb6+ Kg7 68. Rg5+ Kf8 69. Rb8+ Ke7 70. Re5+ Kd6 0-1

[Event "VIII Governor's Cup"]
[Site "Khanty-Mansiysk RUS"]
[Date "2012.11.15"]
[Round "1.3"]
[White "Dvoirys, S."]
[Black "Mamedov, Rau"]
[Result "1/2-1/2"]
[WhiteElo "2534"]
[BlackElo "2647"]
[PlyCount "85"]
[EventDate "2012.11.15"]
[SourceDate "1999.07.01"]

1. e4 c5 2. Nf3 Nc6 3. d4 cxd4 4. Nxd4 g6 5. c4 Nf6 6. Nc3 Nxd4 7. Qxd4 d6 8.
Be3 Bg7 9. f3 O-O 10. Qd2 a5 11. c5 Be6 12. cxd6 exd6 13. Rd1 a4 14. Be2 a3 15.
b3 Qa5 16. O-O Rfc8 17. Nb5 Ne8 18. Kf2 Bb2 19. Bd4 Bd7 20. Qxa5 Rxa5 21. Nxd6
Nxd6 22. Bb6 Raa8 23. Rxd6 Be6 24. Rd2 Rc6 25. Be3 Rac8 26. Rfd1 Rc2 27. Bc4
Rxd2+ 28. Rxd2 Bxc4 29. bxc4 Rxc4 30. Bh6 f5 31. exf5 gxf5 32. Rd5 Kf7 33. Ke2
Ke6 34. Rb5 Rc2+ 35. Kd3 Rxg2 36. Bf4 Bh8 37. Rxb7 Rxa2 38. Rxh7 Bf6 39. Ra7
Be7 40. Ra6+ Kf7 41. Be5 Rg2 42. h4 Bxh4 43. Kd4 1/2-1/2

[Event "VIII Governor's Cup"]
[Site "Khanty-Mansiysk RUS"]
[Date "2012.11.18"]
[Round "4.2"]
[White "Shimanov, A."]
[Black "Timofeev, Arty"]
[Result "0-1"]
[WhiteElo "2597"]
[BlackElo "2600"]
[PlyCount "88"]
[EventDate "2012.11.15"]
[SourceDate "1999.07.01"]

1. Nf3 c5 2. e4 Nc6 3. Bb5 d6 4. O-O Bd7 5. Re1 Nf6 6. c3 a6 7. Bf1 Bg4 8. h3
Bxf3 9. Qxf3 g6 10. Qd1 Bh6 11. a4 O-O 12. Na3 Rc8 13. g3 Nd7 14. Nc2 Na5 15.
b4 Nb3 16. Rb1 Nxc1 17. Rxc1 cxb4 18. Nxb4 e6 19. Rb1 Qa5 20. Nd3 Nb6 21. f4
Rc7 22. Rb4 d5 23. e5 Rb8 24. Nc1 Qc5+ 25. Kg2 Qc6 26. a5 Nc4 27. Bxc4 dxc4+
28. Qf3 Qc5 29. Re4 Rd8 30. Qe2 Qxa5 31. Rbxc4 Rxc4 32. Rxc4 Qa3 33. Qd1 b5 34.
Rc7 Qb2 35. Nb3 a5 36. Nd4 b4 37. Kf3 Bf8 38. Ke3 Qa3 39. Ke4 b3 40. Rb7 a4 41.
Qg4 Qc5 42. Ke3 Qd5 43. Qf3 Qxf3+ 44. Kxf3 Rxd4 0-1

[Event "VIII Governor's Cup"]
[Site "Khanty-Mansiysk RUS"]
[Date "2012.11.19"]
[Round "5.1"]
[White "Timofeev, Arty"]
[Black "Mamedov, Rau"]
[Result "1-0"]
[WhiteElo "2600"]
[BlackElo "2647"]
[PlyCount "122"]
[EventDate "2012.11.15"]
[SourceDate "1999.07.01"]

1. e4 c5 2. Nf3 Nc6 3. d4 cxd4 4. Nxd4 g6 5. c4 Nf6 6. Nc3 Nxd4 7. Qxd4 d6 8.
Be3 Bg7 9. f3 O-O 10. Qd2 a5 11. b3 Bd7 12. Be2 Bc6 13. O-O Nd7 14. Rac1 Nc5
15. Rfd1 Qb6 16. Nb5 Rfc8 17. Kh1 Qd8 18. Bf1 Qf8 19. Nc3 h5 20. Rc2 Kh7 21.
Nd5 Bxd5 22. cxd5 Bh6 23. Rdc1 Bxe3 24. Qxe3 Nd7 25. Qd2 Rxc2 26. Rxc2 Qd8 27.
g3 a4 28. b4 Rc8 29. Kg2 Rxc2 30. Qxc2 Qb6 31. Qc3 Ne5 32. Be2 g5 33. f4 gxf4
34. gxf4 Ng4 35. Bxg4 hxg4 36. a3 Qb5 37. Qe1 Kg7 38. Qd1 f5 39. exf5 Kf6 40.
Kg3 Qc4 41. Qxg4 Qd3+ 42. Kh4 Kf7 43. Qg6+ Kf8 44. Qh6+ Ke8 45. f6 exf6 46.
Qxf6 Qxd5 47. b5 Qd2 48. Qe6+ Kf8 49. Kg5 Qg2+ 50. Qg4 Qxh2 51. Qc8+ Ke7 52.
Qxb7+ Kd8 53. Qa8+ Ke7 54. Qe4+ Kd8 55. f5 Qg3+ 56. Kf6 Qxa3 57. Qa8+ Kc7 58.
Qa7+ Kd8 59. b6 Qc5 60. Qa8+ Kd7 61. Qxa4+ Kd8 1-0

[Event "VIII Governor's Cup"]
[Site "Khanty-Mansiysk RUS"]
[Date "2012.11.21"]
[Round "7.6"]
[White "Shimanov, A."]
[Black "Mamedov, Rau"]
[Result "0-1"]
[WhiteElo "2597"]
[BlackElo "2647"]
[PlyCount "64"]
[EventDate "2012.11.15"]
[SourceDate "1999.07.01"]

1. e4 c5 2. Nf3 Nc6 3. Bb5 g6 4. Bxc6 dxc6 5. d3 Bg7 6. h3 b6 7. a3 c4 8. d4
Nf6 9. Nc3 O-O 10. Bf4 c5 11. d5 e6 12. d6 Bb7 13. Qe2 b5 14. O-O b4 15. axb4
cxb4 16. Nb5 Nxe4 17. Qxc4 a5 18. Rad1 Rc8 19. Qe2 Rc5 20. d7 Bd5 21. Nd6 f5
22. Ne8 Bh8 23. Ne5 Bxe5 24. Bxe5 Qxd7 25. f3 Qxe8 26. Qe3 Bc4 27. Bd4 Bxf1 28.
fxe4 Rxc2 29. Rxf1 Qc6 30. Rf4 Rd8 31. Kh2 e5 32. Bxe5 Rdd2 0-1

[Event "Siberian Bank Cup"]
[Site "Novosibirsk RUS"]
[Date "2012.11.17"]
[Round "3"]
[White "Rublevsky, S."]
[Black "Inarkiev, E."]
[Result "1-0"]
[WhiteElo "2688"]
[BlackElo "2693"]
[PlyCount "58"]
[EventDate "2012.11.17"]
[SourceDate "1999.07.01"]

1. e4 c5 2. Nf3 Nc6 3. Bb5 g6 4. Bxc6 dxc6 5. d3 Bg7 6. h3 Nf6 7. Nc3 Nd7 8.
Be3 e5 9. Qd2 h6 10. O-O b6 11. a3 a5 12. Na4 f5 13. exf5 gxf5 14. Rfe1 Kf7 15.
Qc3 Bf6 16. Bd2 Re8 17. b4 axb4 18. axb4 Kg6 19. Qb3 b5 20. Nc3 Rxa1 21. Rxa1
c4 22. dxc4 e4 23. Nh2 Ne5 24. Rd1 Nxc4 25. Bg5 hxg5 26. Rxd8 Rxd8 27. g4 Nd2
28. gxf5+ Bxf5 29. Qa3 Nf3+ 1-0

[Event "TCh-CZE Div1 Vychod 2012-13"]
[Site "Czech Republic CZE"]
[Date "2012.11.11"]
[Round "2.1"]
[White "Votava, J."]
[Black "Kislinsky, A."]
[Result "0-1"]
[WhiteElo "2534"]
[BlackElo "2552"]
[PlyCount "52"]
[EventDate "2012.10.21"]
[SourceDate "1999.07.01"]
[WhiteTeam "2222 SK Polabiny B"]
[BlackTeam "SK Slavia Orlova A"]

1. e4 c5 2. Nf3 Nc6 3. d4 cxd4 4. Nxd4 g6 5. c4 Bg7 6. Be3 Nf6 7. Nc3 O-O 8.
Be2 b6 9. O-O Bb7 10. Nxc6 Bxc6 11. f3 e6 12. Qd6 Ne8 13. Qd2 f5 14. Rad1 Qe7
15. exf5 gxf5 16. a3 Rf7 17. b4 Qf6 18. Rc1 Qg6 19. b5 Bb7 20. a4 Nf6 21. a5
bxa5 22. Na4 Rc8 23. Bxa7 Nh5 24. Be3 Be5 25. c5 Rg7 26. Bc4 f4 0-1

[Event "TCh-ESP CECLUB Div Honor 2012"]
[Site "Leon ESP"]
[Date "2012.11.07"]
[Round "3.4"]
[White "Svetushkin, D."]
[Black "Ivanov, Sergey1"]
[Result "1-0"]
[WhiteElo "2589"]
[BlackElo "2542"]
[PlyCount "75"]
[EventDate "2012.11.05"]
[SourceDate "1999.07.01"]
[WhiteTeam "Linex-Magic Extremadura"]
[BlackTeam "C.A. Reverte Albox"]

1. e4 c5 2. Nf3 Nc6 3. d4 cxd4 4. Nxd4 Qc7 5. Nc3 e6 6. Be3 a6 7. Qd2 Nf6 8.
O-O-O Be7 9. f3 O-O 10. g4 b5 11. g5 Nh5 12. Nce2 Rd8 13. Ng3 Nxd4 14. Qxd4 Nf4
15. Kb1 Bb7 16. Bxf4 Qxf4 17. Nh5 e5 18. Nxf4 exd4 19. Rg1 g6 20. h4 Bf8 21. h5
Bg7 22. hxg6 hxg6 23. Nd3 d6 24. Bg2 Re8 25. Rde1 Re7 26. f4 Rae8 27. f5 f6 28.
e5 dxe5 29. Bxb7 Rxb7 30. gxf6 Bxf6 31. Rxg6+ Kf7 32. Nc5 Rc7 33. Ne4 Be7 34.
Rh1 Rec8 35. Rh7+ Ke8 36. Rgg7 d3 37. f6 Rxc2 38. Rxe7+ 1-0

[Event "TCh-ESP CECLUB Div Honor 2012"]
[Site "Leon ESP"]
[Date "2012.11.10"]
[Round "6.3"]
[White "Ter Sahakyan, S."]
[Black "Hamdouchi, H."]
[Result "0-1"]
[WhiteElo "2580"]
[BlackElo "2623"]
[PlyCount "154"]
[EventDate "2012.11.05"]
[SourceDate "1999.07.01"]
[WhiteTeam "Linex-Magic Extremadura"]
[BlackTeam "Gros Xake-Taldea"]

1. e4 c5 2. Nf3 Nc6 3. d4 cxd4 4. Nxd4 Nf6 5. Nc3 e5 6. Ndb5 d6 7. Bg5 a6 8.
Na3 b5 9. Nd5 Be7 10. Bxf6 Bxf6 11. c4 b4 12. Nc2 O-O 13. Be2 Rb8 14. b3 a5 15.
O-O Bg5 16. Qd3 Ne7 17. Nce3 Nxd5 18. Nxd5 Be6 19. Rad1 Rc8 20. h3 Bxd5 21.
Qxd5 Be7 22. Rd2 Rc5 23. Qd3 g6 24. Rfd1 Kg7 25. h4 h5 26. Qe3 Qb8 27. Rd3 Rc6
28. Rd5 Bxh4 29. Rxa5 Bd8 30. Rad5 Bb6 31. Qg3 Bc5 32. Bd3 Qa7 33. Bb1 h4 34.
Qf3 Rh8 35. R1d2 Qe7 36. R5d3 Qg5 37. Kf1 Rc7 38. Qh3 Re7 39. Ke1 Re6 40. Rf3
Rf6 41. Rxf6 Kxf6 42. Bd3 Kg7 43. Qf3 Re8 44. Bc2 Bd4 45. Kd1 Re6 46. Qh3 Rf6
47. f3 Qe3 48. Qh1 Qc3 49. Qxh4 Qa1+ 50. Ke2 Qg1 51. Qg3 Qe3+ 52. Kd1 Qg1+ 53.
Ke2 Qe3+ 54. Kd1 Bc3 55. Rd3 Qg1+ 56. Ke2 Qc1 57. Bd1 Qb2+ 58. Kf1 Qb1 59. Rd5
Qxe4 60. Qf2 Bd4 61. Qe1 Qf5 62. Qd2 Bc5 63. Ke2 Qh5 64. Kd3 Qf5+ 65. Ke2 Qb1
66. Qc2 Qa1 67. g3 Rf5 68. f4 Rh5 69. Kf3 exf4 70. Rxh5 gxh5 71. gxf4 Qd4 72.
Qe2 Kf6 73. Bc2 Qg1 74. Bd3 Qg4+ 75. Ke4 Qe6+ 76. Kf3 Qh3+ 77. Ke4 Ke6 0-1

[Event "Chigorin Mem Rapid"]
[Site "St Petersburg RUS"]
[Date "2012.10.26"]
[Round "9.8"]
[White "Andriasian, Z."]
[Black "Vorobiov, E."]
[Result "1/2-1/2"]
[WhiteElo "2604"]
[BlackElo "2598"]
[PlyCount "25"]
[EventDate "2012.10.25"]
[SourceDate "1999.07.01"]

1. Nf3 c5 2. e4 Nc6 3. Bb5 e6 4. Bxc6 bxc6 5. b3 d6 6. e5 dxe5 7. Nxe5 Qd5 8.
Nf3 Qe4+ 9. Kf1 Nf6 10. Bb2 Be7 11. d3 Qf5 12. Nbd2 O-O 13. Qe2 1/2-1/2